| 000 | 01015nam a22002535i 4500 | ||
|---|---|---|---|
| 001 | 163095 | ||
| 003 | ES-MaACL | ||
| 005 | 20250813015458.0 | ||
| 008 | 991001s1879 sp a |||| | spa d | ||
| 040 |
_aCAM _bspa _cCAM |
||
| 100 | 1 |
_aRebolledo, José Antonio. _995708 |
|
| 245 | 1 | 4 |
_aLos héroes de la civilización _b: ensayo histórico-crítico / _cpor José A. Rebolledo. |
| 260 |
_aMadrid : _b[s.n.], _c1879 ( _fImprenta de la viuda e hijos de J.A. García) |
||
| 300 |
_a381 p., [5] h. de grab. ; _c22 cm. |
||
| 599 | _aLas h. de grab. son retratos de los biografiados. | ||
| 600 | 1 | 4 |
_aGutenberg, Johann- _xBiografías. _9127652 |
| 600 | 1 | 4 |
_aColón, Cristóbal- _xBiografías. _939871 |
| 600 | 1 | 4 |
_aGalilei, Galileo, _d1564-1642 _953419 |
| 600 | 1 | 4 |
_aFranklin, Benjamin, _d1706-1790 _952337 |
| 600 | 1 | 4 |
_aStephenson, George- _xBiografías. _9132900 |
| 650 | 4 |
_aPersonajes históricos- _vBiografías. _9136684 |
|
| 852 |
_aES-MaACL _jF-12529 _z-- Enc. pasta española |
||
| 999 |
_c163095 _d163095 |
||